Carregant...

Delegation and autonomy /

Dades bibliogràfiques
Autor principal: Macmahon, Arthur W. (Arthur Whittier)
Format: Printed Book
Idioma:English
Publicat: Bombay : Asia Publishing House, 1961.
LEADER 00507nam a22001457a 4500
008 160926b xxu||||| |||| 00| 0 eng d
999 |c 159111  |d 159111 
020 |a . 
082 |a 351  
100 |a Macmahon, Arthur W. (Arthur Whittier) 
245 |a Delegation and autonomy /  |c Arthur W. Macmahon 
260 |a Bombay :  |b Asia Publishing House,  |c 1961. 
300 |a 176 p. 
942 |c BK 
952 |0 0  |1 0  |2 ddc  |4 0  |6 351_000000000000000_MAC_D  |7 0  |8 SEC  |9 173219  |a CMS  |b CMS  |c ST1  |d 2016-09-26  |i 2368  |l 0  |o 351 MAC/D  |p CMS2368  |r 2016-09-26  |y BK